书目信息 |
| 题名: |
商场超市仓储管理
|
|
| 作者: | 刘北林 , 刘莉 主编 | |
| 分册: | ||
| 出版信息: | 北京 化学工业出版社 2008 |
|
| 页数: | 276页 | |
| 开本: | 24cm | |
| 丛书名: | ||
| 单 册: | ||
| 中图分类: | F717.6 | |
| 科图分类: | ||
| 主题词: | 超市--仓库管理 , 超市 , 仓库管理 | |
| 电子资源: | ||
| ISBN: | 978-7-122-01056-8 | |
| 000 | 00970nam0 2200277 45 | |
| 001 | 1032960406 | |
| 005 | 20100408161949.23 | |
| 010 | @a978-7-122-01056-8@dCNY36.00 | |
| 100 | @a20100330d2008 em y0chiy0110 ea | |
| 101 | 0 | @achi |
| 102 | @aCN@b110000 | |
| 105 | @ay z 000yy | |
| 106 | @ar | |
| 200 | 1 | @a商场超市仓储管理@AShang Chang Chao Shi Cang Chu Guan Li@f刘北林,刘莉主编@FLiu Bei Lin, Liu Li Zhu Bian |
| 210 | @a北京@c化学工业出版社@d2008 | |
| 215 | @a276页@d24cm | |
| 300 | @a商场超市物流与管理系列读本 | |
| 330 | @a本书主要介绍了商场超市仓库及仓库设备规划设计、商品进出库管理、商品保藏与养护、商品库存控制与管理以及安全管理等内容,同时对商场超市仓库现代化管理也作了较详尽的介绍。 | |
| 606 | 0 | @a超市@x仓库管理 |
| 606 | 0 | @a超市 |
| 606 | 0 | @a仓库管理 |
| 690 | @aF717.6@v4 | |
| 701 | 0 | @a刘北林@ALiu Bei Lin@c(商品学)@4主编 |
| 701 | 0 | @a刘莉@ALiu Li@c(物流管理)@4主编 |
| 801 | 0 | @aCN@bTANGWEI@c20100408 |
| 905 | @b0586713-17@dF717.6@e502@f5 | |
| 商场超市仓储管理/刘北林,刘莉主编.-北京:化学工业出版社,2008 |
| 276页;24cm |
| 商场超市物流与管理系列读本 |
| ISBN 978-7-122-01056-8:CNY36.00 |
| 本书主要介绍了商场超市仓库及仓库设备规划设计、商品进出库管理、商品保藏与养护、商品库存控制与管理以及安全管理等内容,同时对商场超市仓库现代化管理也作了较详尽的介绍。 |
| ● |
| 相关链接 |
|
|
|
|
正题名:商场超市仓储管理
索取号:F717.6/502
 
预约/预借
| 序号 | 登录号 | 条形码 | 馆藏地/架位号 | 状态 | 备注 |
| 1 | 0586713 | 205867132 | 第一样本阅览室/ [索取号:F717.6/502] | 在馆 | |
| 2 | 0586714 | 205867141 | 第一借阅区/ [索取号:F717.6/502] | 在馆 | |
| 3 | 0586715 | 205867150 | 第一借阅区/ [索取号:F717.6/502] | 在馆 | |
| 4 | 0586716 | 205867169 | 第一借阅区/ [索取号:F717.6/502] | 在馆 | |
| 5 | 0586717 | 205867178 | 第一借阅区/ [索取号:F717.6/502] | 在馆 |